000 00223nam a22000857a 4500
008 170119b xxu||||| |||| 00| 0 eng d
100 _aJaisingh.S.etal.
_9549
245 _aEnvironmental Education-3
260 _aNew Delhi
_bAPC
_c2010
999 _c5575
_d5575